Political Sociology : (Record no. 17403)
[ view plain ]
| 000 -LEADER | |
|---|---|
| fixed length control field | 00744cam a22002294a 4500 |
| 001 - CONTROL NUMBER | |
| control field | 11816949 |
| 005 - DATE AND TIME OF LATEST TRANSACTION | |
| control field | 20130414140814.0 |
| 008 - FIXED-LENGTH DATA ELEMENTS--GENERAL INFORMATION | |
| fixed length control field | 991021s2000 nyu b 001 0 eng |
| 010 ## - LIBRARY OF CONGRESS CONTROL NUMBER | |
| LC control number | 99056086 |
| 020 ## - INTERNATIONAL STANDARD BOOK NUMBER | |
| International Standard Book Number | 0814727085 (cloth : alk. paper) |
| 020 ## - INTERNATIONAL STANDARD BOOK NUMBER | |
| International Standard Book Number | 0814727093 (paper : alk. paper) |
| 020 ## - INTERNATIONAL STANDARD BOOK NUMBER | |
| International Standard Book Number | 9780814727096 |
| 082 00 - DEWEY DECIMAL CLASSIFICATION NUMBER | |
| Classification number | 306.2 |
| Edition number | 21 |
| Item number | FAU |
| 100 1# - MAIN ENTRY--PERSONAL NAME | |
| Personal name | Faulks, Keith. |
| 9 (RLIN) | 32979 |
| 245 10 - TITLE STATEMENT | |
| Title | Political Sociology : |
| Remainder of title | a Critical Introduction / |
| Statement of responsibility, etc | Keith Faulks. |
| 260 ## - PUBLICATION, DISTRIBUTION, ETC. (IMPRINT) | |
| Place of publication, distribution, etc | New York : |
| Name of publisher, distributor, etc | New York University Press, |
| Date of publication, distribution, etc | 2000. |
| 300 ## - PHYSICAL DESCRIPTION | |
| Extent | 248 p. ; |
| Dimensions | 24 cm. |
| 504 ## - BIBLIOGRAPHY, ETC. NOTE | |
| Bibliography, etc | Includes bibliographical references (p. 223]-236) and index. |
| 650 #0 - SUBJECT ADDED ENTRY--TOPICAL TERM | |
| Topical term or geographic name as entry element | Political sociology. |
| 9 (RLIN) | 32980 |
| 653 ## - INDEX TERM--UNCONTROLLED | |
| Resource For college | |
| Arrived date list | March2013 |
| -- | April2013 |
| 942 ## - ADDED ENTRY ELEMENTS (KOHA) | |
| Source of classification or shelving scheme | Dewey Decimal Classification |
| Item type | Book - Borrowing |
| Withdrawn status | Item status | Source of classification or shelving scheme | Damaged status | Not for loan | Vendor | Home library | Current library | Shelving location | Date acquired | Source of acquisition | Cost, normal purchase price | Total Checkouts | Total Renewals | Full call number | Barcode | Date last seen | Date last borrowed | Cost, replacement price | Koha item type | Checked out |
|---|---|---|---|---|---|---|---|---|---|---|---|---|---|---|---|---|---|---|---|---|
| Dewey Decimal Classification | Baccah | Central Library | Central Library | First floor | 26/03/2013 | 190.00 | 4 | 4 | 306.2 FAU | 000028632 | 15/07/2025 | 08/02/2025 | 237.50 | Book - Borrowing | ||||||
| Dewey Decimal Classification | Baccah | Central Library | Central Library | First floor | 14/04/2013 | 190.00 | 2 | 1 | 306.2 FAU | 000028681 | 15/07/2025 | 22/01/2018 | 237.50 | Book - Borrowing | ||||||
| Dewey Decimal Classification | Baccah | Central Library | Central Library | First floor | 14/04/2013 | 190.00 | 3 | 2 | 306.2 FAU | 000028682 | 15/07/2025 | 09/02/2020 | 237.50 | Book - Borrowing | ||||||
| Dewey Decimal Classification | Baccah | Central Library | Central Library | First floor | 14/04/2013 | 190.00 | 4 | 23 | 306.2 FAU | 000028683 | 10/02/2022 | 10/02/2022 | 237.50 | Book - Borrowing | 28/05/2022 | |||||
| Dewey Decimal Classification | Baccah | Central Library | Central Library | First floor | 14/04/2013 | 190.00 | 1 | 306.2 FAU | 000028684 | 15/07/2025 | 08/02/2017 | 237.50 | Book - Borrowing | |||||||
| Dewey Decimal Classification | Baccah | Central Library | Central Library | First floor | 14/04/2013 | 190.00 | 6 | 6 | 306.2 FAU | 000028685 | 15/07/2025 | 13/12/2022 | 237.50 | Book - Borrowing | ||||||
| Dewey Decimal Classification | Baccah | Central Library | Central Library | First floor | 14/04/2013 | 190.00 | 5 | 25 | 306.2 FAU | 000028686 | 08/02/2025 | 08/02/2025 | 237.50 | Book - Borrowing | 15/02/2025 |